An autobiography: (Record no. 18402)

MARC details
000 -LEADER
fixed length control field 00989cam a22002891 4500
001 - CONTROL NUMBER
control field 3111003
003 - CONTROL NUMBER IDENTIFIER
control field BDDh-ASL
005 - DATE AND TIME OF LATEST TRANSACTION
control field 20231015025715.0
008 - FIXED-LENGTH DATA ELEMENTS--GENERAL INFORMATION
fixed length control field 730410s1958 ii 001 0aeng
010 ## - LIBRARY OF CONGRESS CONTROL NUMBER
LC control number 57004446
040 ## - CATALOGING SOURCE
Original cataloging agency DLC
Transcribing agency DLC
Modifying agency BDDh-ASL
041 1# - LANGUAGE CODE
Language code of text/sound track or separate title engguj
050 00 - LIBRARY OF CONGRESS CALL NUMBER
Classification number DS481.G3
Item number A3 1957
082 00 - DEWEY DECIMAL CLASSIFICATION NUMBER
Classification number 923.254
Item number GAA
100 1# - MAIN ENTRY--PERSONAL NAME
Personal name Gandhi,
Titles and words associated with a name Mahatma,
Dates associated with a name 1869-1948.
240 10 - UNIFORM TITLE
Uniform title Satyanā prayogo athavā ātmakathā.
Language of a work English
245 03 - TITLE STATEMENT
Title An autobiography:
Remainder of title the story of my experiments with truth/
Statement of responsibility, etc. by M. K. Gandhi; translated from the original in Gujarati by Mahadev Desai.
260 ## - PUBLICATION, DISTRIBUTION, ETC.
Place of publication, distribution, etc. Ahmedabad:
Name of publisher, distributor, etc. Navajivan Publishing House,
Date of publication, distribution, etc. 1958.
300 ## - PHYSICAL DESCRIPTION
Extent xvi, 392 p. :
Dimensions 22 cm.
490 0# - SERIES STATEMENT
Series statement Beacon paperback, no. 35
500 ## - GENERAL NOTE
General note Includes index.
600 10 - SUBJECT ADDED ENTRY--PERSONAL NAME
Personal name Gandhi,
Titles and other words associated with a name Mahatma,
Dates associated with a name 1869-1948.
650 #0 - SUBJECT ADDED ENTRY--TOPICAL TERM
Topical term or geographic name entry element Statesmen
Geographic subdivision India
General subdivision Biography.
740 0# - ADDED ENTRY--UNCONTROLLED RELATED/ANALYTICAL TITLE
Uncontrolled related/analytical title Story of my experiments with truth.
906 ## - LOCAL DATA ELEMENT F, LDF (RLIN)
a 7
b cbc
c orignew
d u
e ocip
f 19
g y-gencatlg
942 ## - ADDED ENTRY ELEMENTS (KOHA)
Source of classification or shelving scheme Dewey Decimal Classification
Koha item type Books
Holdings
Withdrawn status Lost status Source of classification or shelving scheme Damaged status Not for loan Collection code Home library Current library Shelving location Date acquired Source of acquisition Total Checkouts Full call number Barcode Date last seen Copy number Price effective from Koha item type Public note
    Dewey Decimal Classification   Not For Loan Non-fiction Asiatic Society Library Asiatic Society Library Harrison Collection 09/29/2020 Donated by Prof. John B. Harrison   923.254 GAA 101588 09/29/2020 C-1 09/29/2020 Books RARE

Powered by Koha